[Event "Montreal Mercredi 02"]
[Site "Montreal"]
[Date "2009.02.18"]
[Round "1"]
[White "Landry, Martin"]
[Black "Phelippe, Yannic"]
[Result "1/2-1/2"]
[WhiteElo "1593"]
[BlackElo "1517"]
[PlyCount "124"]
[EventDate "2009.02.18"]
[EventType "tourn"]
[EventRounds "5"]
[EventCountry "CAN"]
[SourceTitle "EXT 2011"]
[Source "ChessBase"]
[SourceDate "2010.11.26"]
[SourceVersion "1"]
[SourceVersionDate "2010.11.26"]
[SourceQuality "1"]

1. d4 Nf6 2. c4 g6 3. Nc3 Bg7 4. e4 d6 5. f3 0-0 6. Be3 e5 7. d5 a5 8. c5 Nh5 9. cxd6 cxd6 10. Qd2 Qh4+ 11. Bf2 Qe7 12. Bc4 f5 13. Nge2 Nd7 14. 0-0 f4 15. Rac1 Kh8 16. Nb5 Nc5 17. b4 axb4 18. Qxb4 b6 19. Nbc3 Qg5 20. Kh1 Ba6 21. Nb5 Bxb5 22. Bxb5 Rxa2 23. Bc4 Raa8 24. Qxb6 Nxe4 25. fxe4 f3 26. Ng3 fxg2+ 27. Kxg2 Nxg3 28. hxg3 Rab8 29. Qe3 Qh5 30. Be2 Qh6 31. Qxh6 Bxh6 32. Rc7 Rb2 33. Bg4 Rf6 34. Rc8+ Kg7 35. Be6 Be3 36. Rg8+ Kh6 37. Bg4 Rbxf2+ 38. Rxf2 Bxf2 39. Be6 Bc5 40. Rh8 Rf2+ 41. Kh3 Kg7 42. Rg8+ Kf6 43. Rf8+ Kg5 44. Rxf2 Bxf2 45. Kg2 Bc5 46. Kf3 h5 47. Bf7 Kf6 48. Be8 Bd4 49. Kg2 Bb2 50. Kh3 Kg5 51. Bf7 Bc1 52. Be6 Bd2 53. Kg2 Be1 54. Kf3 h4 55. gxh4+ Bxh4 56. Bh3 Be1 57. Be6 Kh4 58. Bf7 g5 59. Be6 Bd2 60. Bg4 Bf4 61. Bf5 Kh5 62. Bh3 Kh4 1/2-1/2